The Oxford handbook of reading
Shranjeno v:
| Main Authors: | , |
|---|---|
| Format: | Knjiga |
| Jezik: | angleščina |
| Izdano: |
Nueva York
Oxford University Press
2015
|
| Izdaja: | 1a. ed |
| Serija: | Oxford Library of Psychology
|
| Teme: | |
| Oznake: |
Označite
Brez oznak, prvi označite!
|
MARC
| LEADER | 00000cam a2200000 a 4500 | ||
|---|---|---|---|
| 001 | UCC4585 | ||
| 003 | CL-VaPUC | ||
| 008 | 180810e20150000us |||||||||||||||||eng|d | ||
| 020 | |a 9780199324576 | ||
| 082 | 0 | 4 | |a 401.9 |b POL |2 21 |
| 100 | 0 | |a Pollatsek, Alexander |e author |9 598767 | |
| 700 | 0 | |a Treiman, Rebecca |e author |9 598768 | |
| 245 | 1 | 4 | |a The Oxford handbook of reading |
| 250 | |a 1a. ed | ||
| 300 | |a 504 p | ||
| 942 | |c BK | ||
| 945 | |d 20180810 15:16:00 |a dcastane | ||
| 260 | |a Nueva York |b Oxford University Press |c 2015 | ||
| 650 | 0 | |a Sociolingüística |9 263716 | |
| 650 | 0 | |a Comprensión de lectura |9 307588 | |
| 583 | |a last modification |c 20180810 15:16:00 |k Rodrigo Vera | ||
| 490 | 0 | |a Oxford Library of Psychology | |
| 999 | |c 372037 |d 372035 | ||
| 952 | |0 0 |1 0 |3 erd |4 0 |6 401_900000000000000_POL_2015 |7 0 |8 A |9 489265 |a BIBEDU |b BIBEDU |i 5487366 |l 1 |o 401.9 POL 2015 |p 5487366 |r 2023-06-28 |s 2023-06-22 |w 2019-11-24 |y BK |z Catalogado en:20180810 |k LIT | ||